Electricity for the entertainment electrician & technician / (Record no. 189386)
[ view plain ]
| 000 -LEADER | |
|---|---|
| fixed length control field | 01247 a2200265 4500 |
| 003 - CONTROL NUMBER IDENTIFIER | |
| control field | Nust |
| 005 - DATE AND TIME OF LATEST TRANSACTION | |
| control field | 20221117145050.0 |
| 010 ## - LIBRARY OF CONGRESS CONTROL NUMBER | |
| LC control number | 2008046915 |
| 020 ## - INTERNATIONAL STANDARD BOOK NUMBER | |
| International Standard Book Number | 0240809955 (pbk. : alk. paper) |
| 020 ## - INTERNATIONAL STANDARD BOOK NUMBER | |
| International Standard Book Number | 9780240809953 (pbk. : alk. paper) |
| 035 ## - SYSTEM CONTROL NUMBER | |
| System control number | (OCoLC)ocn264041461 |
| 040 ## - CATALOGING SOURCE | |
| Transcribing agency | Nust |
| 082 00 - DEWEY DECIMAL CLASSIFICATION NUMBER | |
| Classification number | 621.31924,CAD |
| 100 1# - MAIN ENTRY--PERSONAL NAME | |
| Personal name | Cadena, Richard. |
| 9 (RLIN) | 102915 |
| 245 10 - TITLE STATEMENT | |
| Title | Electricity for the entertainment electrician & technician / |
| Statement of responsibility, etc. | Richard Cadena. |
| 260 ## - PUBLICATION, DISTRIBUTION, ETC. | |
| Place of publication, distribution, etc. | Amsterdam ; |
| -- | Boston : |
| Name of publisher, distributor, etc. | Elsevier/Focal Press, |
| Date of publication, distribution, etc. | c2009. |
| 300 ## - PHYSICAL DESCRIPTION | |
| Extent | xxiv, 245 p. : |
| Other physical details | ill. ; |
| Dimensions | 24 cm. |
| 505 ## - FORMATTED CONTENTS NOTE | |
| Formatted contents note | The Theory of Electricity (Page-1), Electrical Concepts (Page-11), DC Electricity (Page-21), AC Electricity (Page-31), Circuit Elements (Page-59), AC Power (Page-83), Electrical Safety (Page-95), Grounding / Earthling (Page-105), Over current and Undercurrent Protection (Page-117), Power Distribution Systems (Page-131), Dimming Systems (Page-147), Best Practices, Codes, and Regulations(Page-165). |
| 650 #0 - SUBJECT ADDED ENTRY--TOPICAL TERM | |
| Topical term or geographic name entry element | Electric circuits. |
| 9 (RLIN) | 10997 |
| 650 #0 - SUBJECT ADDED ENTRY--TOPICAL TERM | |
| Topical term or geographic name entry element | Electric wiring, Indoor. |
| 9 (RLIN) | 102916 |
| 650 #0 - SUBJECT ADDED ENTRY--TOPICAL TERM | |
| Topical term or geographic name entry element | Leisure industry |
| General subdivision | Electric equipment. |
| 9 (RLIN) | 102917 |
| 650 #0 - SUBJECT ADDED ENTRY--TOPICAL TERM | |
| Topical term or geographic name entry element | Stage lighting. |
| 9 (RLIN) | 102918 |
| 650 #0 - SUBJECT ADDED ENTRY--TOPICAL TERM | |
| Topical term or geographic name entry element | Telecommunication Engineering |
| 942 ## - ADDED ENTRY ELEMENTS (KOHA) | |
| Source of classification or shelving scheme | |
| Koha item type | Book |
| Withdrawn status | Lost status | Source of classification or shelving scheme | Damaged status | Not for loan | Permanent Location | Current Location | Shelving location | Date acquired | Full call number | Barcode | Date last seen | Price effective from | Koha item type | Public note |
|---|---|---|---|---|---|---|---|---|---|---|---|---|---|---|
| Military College of Signals (MCS) | Military College of Signals (MCS) | General Stacks | 12/12/2016 | 621.31924,CAD | MCS35082 | 12/08/2016 | 12/12/2016 | Book | Almirah No.30, Shelf No.2 |
